Statistics for SSSniperwolf Quiz

Click here to take the quiz!

General Stats

  • This quiz has been taken 547 times
  • The average score is 3 of 8

Answer Stats

HintAnswer% Correct
What is SSSniperwolf's real name?Lia
96%
What state does she live in?Arizona
50%
When is her birthday?October 22, 1992
50%
What is her fan base called?The Wolf Pack
40%
At what age did she move to the United States?6
39%
When did she join YouTube?January 19th, 2013
38%
What is her ethnicity?Greek/Turkish
21%
Where did the inspiration for her username come from?Metal Gear Solid
11%

Score Distribution

Percentile by Number Answered

Percent of People with Each Score

Your Score History

You have not taken this quiz